000 00703nam a2200289Ia 4500
005 20260324123044.0
008 008 260324s9999 xx 000 0 eng d
020 _a9780203818282
037 _aEBOOK
040 _aCRL
040 _beng
040 _cCRL
041 _2eng
041 _aeng
084 _qCRL
100 _aMartin Hyde
_91168853
245 4 _aThe International Student's Guide to UK Education
245 0 _bUnlocking University Life and Culture
260 _bTaylor and Francis
260 _c2012
365 _a
365 _b230
856 _uhttp://www.taylorfrancis.com/books/9780203818282
942 _cEBOOK
999 _c1762038
_d1762038